<?xml version="1.0" encoding="UTF-8"?>
<record
    xmlns:xsi="http://www.w3.org/2001/XMLSchema-instance"
    xsi:schemaLocation="http://www.loc.gov/MARC21/slim http://www.loc.gov/standards/marcxml/schema/MARC21slim.xsd"
    xmlns="http://www.loc.gov/MARC21/slim">

  <leader>00515nam a2200169Ia 4500</leader>
  <controlfield tag="008">230718s9999    xx            000 0 und d</controlfield>
  <datafield tag="020" ind1=" " ind2=" ">
    <subfield code="a">9789351104650</subfield>
  </datafield>
  <datafield tag="041" ind1=" " ind2=" ">
    <subfield code="a">eng</subfield>
  </datafield>
  <datafield tag="082" ind1=" " ind2=" ">
    <subfield code="a">005.1</subfield>
    <subfield code="b">IGO</subfield>
  </datafield>
  <datafield tag="100" ind1=" " ind2=" ">
    <subfield code="a">Igoe T.</subfield>
    <subfield code="9">193662</subfield>
  </datafield>
  <datafield tag="245" ind1=" " ind2=" ">
    <subfield code="a">Beginning NFC</subfield>
    <subfield code="b">Near Field Communication With Arduino,  Android,  And PhoneGap</subfield>
  </datafield>
  <datafield tag="260" ind1=" " ind2=" ">
    <subfield code="c">2014</subfield>
    <subfield code="b">O'Reilly /SPD</subfield>
  </datafield>
  <datafield tag="300" ind1=" " ind2=" ">
    <subfield code="a">233</subfield>
  </datafield>
  <datafield tag="365" ind1=" " ind2=" ">
    <subfield code="c">Rs.</subfield>
    <subfield code="b">400.00</subfield>
  </datafield>
  <datafield tag="700" ind1=" " ind2=" ">
    <subfield code="a">Igoe T.; Coleman D. &amp; Jepson B.</subfield>
    <subfield code="9">196167</subfield>
  </datafield>
  <datafield tag="906" ind1=" " ind2=" ">
    <subfield code="d">O:0393912-Jun-2014B:560310-Apr-2014</subfield>
    <subfield code="c">COMP</subfield>
    <subfield code="b">88</subfield>
  </datafield>
  <datafield tag="999" ind1=" " ind2=" ">
    <subfield code="c">336420</subfield>
    <subfield code="d">336420</subfield>
  </datafield>
  <datafield tag="952" ind1=" " ind2=" ">
    <subfield code="0">0</subfield>
    <subfield code="1">0</subfield>
    <subfield code="4">0</subfield>
    <subfield code="7">0</subfield>
    <subfield code="a">CCEP</subfield>
    <subfield code="b">CCEP</subfield>
    <subfield code="d">2014-06-12</subfield>
    <subfield code="e">Technical Book Services</subfield>
    <subfield code="f">COMP</subfield>
    <subfield code="g">312.00</subfield>
    <subfield code="i">5603</subfield>
    <subfield code="l">0</subfield>
    <subfield code="o">005.1</subfield>
    <subfield code="p">CCEP-BK-47627</subfield>
    <subfield code="r">2023-07-18 00:00:00</subfield>
    <subfield code="t">88</subfield>
    <subfield code="v">400.00</subfield>
    <subfield code="w">2014-04-10</subfield>
    <subfield code="y">BK</subfield>
    <subfield code="z">047627</subfield>
  </datafield>
</record>
